000 00596nam a2200193Ia 4500
005 20260114185650.0
008 008 260114s9999 xx 000 0 eng d
020 _a9780755618613
037 _aEBOOK
040 _aCRL
_beng
_cCRL
041 _aeng
_2eng
084 _qCRL
100 _aMark Honigsbaum
_9872870
245 2 _aA History of the Great Influenza Pandemics Death, Panic and Hysteria, 1830-1920
260 _bBloomsbury
_c2013
856 _uhttps://doi.org/10.5040/9780755618613?locatt=label:secondary_bloomsburyCollections
942 _cEBOOK
999 _c1471818
_d1471818